Théophile ouvre l’évangile (Luc 1-4) (notice n° 1619793)

détails MARC
000 -LEADER
fixed length control field 01835cam a2200169 4500500
005 - DATE AND TIME OF LATEST TRANSACTION
control field 20260111090909.0
041 ## - LANGUAGE CODE
Language code of text/sound track or separate title fre
042 ## - AUTHENTICATION CODE
Authentication code dc
100 10 - MAIN ENTRY--PERSONAL NAME
Personal name Wargnies, Philippe
Relator term author
245 00 - TITLE STATEMENT
Title Théophile ouvre l’évangile (Luc 1-4)
260 ## - PUBLICATION, DISTRIBUTION, ETC.
Date of publication, distribution, etc. 2003.<br/>
500 ## - GENERAL NOTE
General note 42
520 ## - SUMMARY, ETC.
Summary, etc. Si, comme on le pense, l’évangile de Luc est destiné, à travers « Théophile », à des chrétiens venus du monde païen, on peut se demander pourquoi ses premiers chapitres sont chargés de réalités typiquement juives et d’un riche arrière-fond scripturaire. L’article vise à faire valoir la pertinence du parcours auquel Luc provoque son lecteur et l’aide qu’il lui apporte, dans la manière de conduire son récit, pour qu’à partir de sa situation Théophile mesure peu à peu combien son accès au salut réalise ce vers quoi tendait l’espérance des Écritures, accomplie en ce Jésus qu’il a commencé à découvrir.
520 ## - SUMMARY, ETC.
Summary, etc. If, as seems clear, the Gospel of Luke is addressed, through “Theophilus”, to Christians of pagan origin, it seems appropriate to ask why its first chapters are filled with references to typically Jewish realities and set against a rich scriptural background. The article aims to highlight the relevance of the journey to which Luke invites his reader and the help which he brings, in his conduct of the narrative, so that, starting from his own perspective, Theophilus is gradually able to mesure the extent to which his access to salvation accomplishes that towards which the hope of the scriptures pointed, accomplished in the Jesus that he has begun to discover.
786 0# - DATA SOURCE ENTRY
Note Nouvelle revue théologique | 125 | 1 | 2003-01-14 | p. 77-88 | 0029-4845
856 41 - ELECTRONIC LOCATION AND ACCESS
Uniform Resource Identifier <a href="https://shs.cairn.info/revue-nouvelle-revue-theologique-2003-1-page-77?lang=fr&redirect-ssocas=7080">https://shs.cairn.info/revue-nouvelle-revue-theologique-2003-1-page-77?lang=fr&redirect-ssocas=7080</a>

Pas d'exemplaire disponible.

PLUDOC

PLUDOC est la plateforme unique et centralisée de gestion des bibliothèques physiques et numériques de Guinée administré par le CEDUST. Elle est la plus grande base de données de ressources documentaires pour les Étudiants, Enseignants chercheurs et Chercheurs de Guinée.

Adresse

627 919 101/664 919 101

25 boulevard du commerce
Kaloum, Conakry, Guinée

Réseaux sociaux

Powered by Netsen Group @ 2025